000 04182nab a2200313 i 4500
003 BR-BrBNA
005 20251105150129.0
008 251105b2020 bl.mr|pooa||| 00| 0 eng |
040 _aBR-BrBNA
_beng
072 _aP33
_b2120
072 _aF08
100 _aHenrique, Nirvani S.
100 _aMaltoni, Katia L.
100 _aFaria, Glaucia A.
245 _aSoil quality in two coffee crop systems in the Amazon biome
500 _aPublicação on-line; 29 ref.; Sumaries (En, Pt)
520 _a ABSTRACT: The form of occupation of the state of Rondônia, Brazil, favored the extensive agriculture, which resulted in a fast deforestation. The removal of forests and inadequate soil management and use, combined with a hot and wet climate, affected the soil chemical, physical, and biological attributes. In search for less impacting and alternatives that promote greater soil conservation for coffee production in the North region of Brazil, the objective of this work was to evaluate the effects of two coffee crop systems on the soil chemical and microbiological attributes. The treatments consisted of a shaded coffee crop (SCC) and a fullsun coffee crop (FCC). A completely randomized design was used, with four clusters per treatment and seven sampling points per cluster, which constituted a replication, totaling 28 replications per treatment. The data were collected in April 2018, in a rural property in the municipality of Cacoal, state of Rondônia, Brazil (11º21’50’’S, 61º20’10’’W, and altitude of 238 m). The soil organic matter, pH, P, K, Ca, Mg, Al, H+Al, base saturation, and basal respiration were determined. The soil under SCC had higher Ca content, pH, and base saturation, and lower potential acidity (H+Al) and Al content than that under FCC. The litterfall on the soil under FCC presented higher N and Mg contents. The soil basal respiration increased in the first 5 cm depth in the treatment with SCC. Key words: Coffea canephora, shading, sustainability
520 _a RESUMO: A forma de ocupação do Estado de Rondônia, favoreceu a agricultura extensiva, o que resultou em desmatamento acelerado. A retirada da floresta, o manejo e uso inadequado do solo, associado ao clima quente e úmido afetaram os atributos químicos, físicos e biológicos dos solos. Buscando alternativas menos impactantes e de maior conservação do solo para produção de café na região Norte, objetivouse nesta pesquisa avaliar os efeitos de dois sistemas de cultivo do cafeeiro, sobre a qualidade química e microbiológica do solo. Os tratamentos foram cultivo sombreado (CS) e a pleno sol (CPS). O delineamento estatístico utilizado foi o inteiramente casualizado, com quatro aglomerados para cada tratamento e sete pontos amostrais em cada aglomerado que constituem as repetições, totalizando 28 repetições para cada tratamento. A coleta de dados ocorreu em abril de 2018 em uma propriedade rural do município de Cacoal, RO, localizada a 11º 21’ 50” S e 61º 20’ 10” O, e altitude de 238 m. A matéria orgânica (MO), pH, fósforo (P), potássio (K), cálcio (Ca), magnésio (Mg), H + Al3+, alumínio (Al3+), saturação por bases (V) e a respiração basal do solo (RBS) foram determinados. O solo sob CS tem maior teor de Ca, pH e V (%) e menor acidez potencial e Al3+, em comparação ao CPS. A serapilheira sob CPS apresenta maiores teores de N e Mg e a respiração basal do solo aumentou no sombreamento nos primeiros 5 cm de profundidade. Palavras-chave: Coffea canephora, sombreamento, sustentabilidade
650 _aCAFÉ
650 _aANÁLISE DO SOLO
650 _aPROPRIEDDE FÍSICO-QUÍMICA
650 _aSISTEMA DE CULTIVO
650 _aSOMBREAMENTO
650 _aSUSTENTABILIDADE
773 0 _03534
_9317787
_dCampina Grande-PB Universidade Federal de Campina Grande. Centro de Ciências e Tecnologia 1997
_o2024-4508
_tRevista Brasileira de Engenharia Agrícola e Ambiental (Brazil)
_x1415-4366
_gv. 24 (6) p. 379-384; (2020)
_wBR2025001732
856 _uhttps://www.scielo.br/j/rbeaa/a/zhNCCFpqryCqM9jZnVvjpwB/?format=pdf&lang=en
942 _cANA
999 _c338951
_d338951